[Event "28th European Club Cup (Women)"]
[Site "Eilat ISR"]
[Date "2012.10.15"]
[EventDate "2012.10.11"]
[Round "5"]
[Result "1/2-1/2"]
[White "Masha Klinova"]
[Black "Antoaneta Stefanova"]
[WhiteElo "2324"]
[BlackElo "2493"]
[PlyCount "116"]

1. e4 e5 2. Nf3 Nc6 3. Bc4 Bc5 4. d3 Nf6 5. O-O O-O 6. Bb3 d6
7. c3 a6 8. Nbd2 Ba7 9. h3 Nh5 10. Nc4 Qf6 11. Ne3 Nf4 12. Nd5
Nxd5 13. exd5 Nb8 14. d4 Re8 15. Be3 e4 16. Nd2 Qg6 17. Kh2
Nd7 18. f3 exf3 19. Qxf3 Nf6 20. Rae1 b5 21. Bf2 Bf5 22. Bh4
Bd3 23. Rg1 Nd7 24. Re3 Qh6 25. Rge1 Rxe3 26. Qxe3 Qxh4
27. Nf3 Qh5 28. Qxd3 Nf6 29. Qe2 h6 30. Nd2 Qxe2 31. Rxe2 a5
32. Ne4 Nd7 33. a4 b4 34. Bc4 bxc3 35. bxc3 Rb8 36. Bb5 Nf8
37. g4 Ng6 38. Kg3 Kf8 39. Rd2 Ne7 40. c4 f5 41. Nc3 g5
42. Ne2 Kg7 43. Nc1 fxg4 44. hxg4 Rf8 45. Nb3 Rf4 46. Rf2 Bxd4
47. Rxf4 gxf4+ 48. Kxf4 Bc3 49. Be8 Kf8 50. Bd7 Ng6+ 51. Kf5
Ne5 52. Bb5 Kf7 53. c5 Nf3 54. cxd6 cxd6 55. Ke4 Ne5 56. Kf5
Nf3 57. Ke4 Ne5 58. Kf5 Nf3 1/2-1/2

[Event "28th European Club Cup (Women)"]
[Site "Eilat ISR"]
[Date "2012.10.16"]
[EventDate "2012.10.11"]
[Round "6"]
[Result "1-0"]
[White "Antoaneta Stefanova"]
[Black "Anastasia Bodnaruk"]
[WhiteElo "2493"]
[BlackElo "2425"]
[PlyCount "129"]

1. d4 Nf6 2. c4 g6 3. Nc3 Bg7 4. e4 d6 5. Be2 O-O 6. Be3 e5
7. d5 a5 8. g4 Na6 9. h4 Nc5 10. Bf3 Ne8 11. h5 f5 12. hxg6
hxg6 13. gxf5 gxf5 14. Bg2 f4 15. Bxc5 dxc5 16. Qh5 Ra6
17. Qh7+ Kf7 18. Nf3 Qf6 19. Qh5+ Ke7 20. d6+ Rxd6 21. Nd5+
Rxd5 22. cxd5 Rh8 23. Qg5 Qxg5 24. Nxg5 Rxh1+ 25. Bxh1 Nf6
26. Ke2 Bh6 27. Rg1 Bg4+ 28. Nf3 Kd6 29. Kd3 Bxf3 30. Rg6 c4+
31. Kxc4 Be2+ 32. Kc3 Bg5 33. Rxg5 f3 34. Rg6 Ke7 35. Kd2 Kf7
36. Rg1 Nxe4+ 37. Ke3 Nf6 38. Bxf3 Bxf3 39. Kxf3 Nxd5 40. Rc1
Ke6 41. Rc5 b6 42. Rc6+ Kf5 43. Rc4 c5 44. Rh4 Nf6 45. Ke3 Kg5
46. Rh8 Kf5 47. Rf8 Ke6 48. Rb8 Nd7 49. Rb7 Kd6 50. Ke4 Nf6+
51. Kf5 Nd5 52. a3 c4 53. Rb8 Nf4 54. Rxb6+ Kc5 55. Rb8 Nd3
56. Ke4 Nxf2+ 57. Kxe5 Nd3+ 58. Ke4 Nc1 59. Rc8+ Kb5 60. Kd5
Nd3 61. Kd4 Nxb2 62. Rb8+ Ka4 63. Rxb2 Kxa3 64. Kc3 a4 65. Rb4
1-0

[Event "FIDE Knock-out Women's World Championship"]
[Site "Khanty-Mansiysk RUS"]
[Date "2012.11.11"]
[EventDate "2012.11.11"]
[Round "1.1"]
[Result "0-1"]
[White "Marina Romanko Nechaeva"]
[Black "Antoaneta Stefanova"]
[WhiteElo "2355"]
[BlackElo "2491"]
[PlyCount "80"]

1. d4 Nf6 2. c4 e6 3. Nc3 Bb4 4. Qc2 O-O 5. a3 Bxc3+ 6. Qxc3
b5 7. cxb5 c6 8. Bg5 cxb5 9. e3 Bb7 10. Nf3 h6 11. Bh4 g5
12. Bg3 Ne4 13. Qc2 Na6 14. b4 h5 15. h4 Rc8 16. Qd3 Rc3
17. Qxb5 Qc8 18. Rd1 Rxa3 19. Qc4 Qxc4 20. Bxc4 Nxg3 21. fxg3
g4 22. Ne5 d6 23. Bxa6 Bxa6 24. Nc6 Rxe3+ 25. Kf2 Re2+ 26. Kg1
Bc4 27. Kh2 a6 28. Rc1 Bd3 29. Rhe1 Rxe1 30. Rxe1 Kg7 31. Re3
Bc4 32. Rc3 Bd5 33. Ne7 Be4 34. d5 Kf6 35. Rc7 Rb8 36. Nc6 Rb6
37. Nd8 Bxd5 38. Rxf7+ Kg6 39. Rf4 e5 40. Rf2 Rxb4 0-1

[Event "FIDE Knock-out Women's World Championship"]
[Site "Khanty-Mansiysk RUS"]
[Date "2012.11.22"]
[EventDate "2012.11.11"]
[Round "4.3"]
[Result "1-0"]
[White "Antoaneta Stefanova"]
[Black "Marie Sebag"]
[WhiteElo "2491"]
[BlackElo "2521"]
[PlyCount "77"]

1. Nf3 d5 2. c4 c6 3. g3 Nf6 4. Bg2 dxc4 5. O-O Nbd7 6. Qc2
Nb6 7. a4 a5 8. Na3 Be6 9. Ng5 Bg4 10. Nxc4 Bxe2 11. Ne5 Bh5
12. b4 e6 13. b5 Bd6 14. Bb2 O-O 15. bxc6 Rc8 16. Qb1 Bxe5
17. cxb7 Rc5 18. d4 Bg6 19. Ne4 Rc4 20. Rd1 Bc7 21. Ba3 Re8
22. Nxf6+ gxf6 23. Qb5 Bc2 24. Re1 Bxa4 25. Qh5 Bc6 26. Qg4+
Kh8 27. Bxc6 Rxc6 28. Rab1 Qd5 29. Qe2 Nc4 30. Bc5 Bd6
31. Rec1 Bxc5 32. b8=Q Rxb8 33. Rxb8+ Kg7 34. Qxc4 Bxd4
35. Qxc6 Qa2 36. Qf3 f5 37. Rbc8 a4 38. R8c2 Qb3 39. Qxb3 1-0

[Event "FIDE Knock-out Women's World Championship"]
[Site "Khanty-Mansiysk RUS"]
[Date "2012.11.22"]
[EventDate "2012.11.11"]
[Round "4.4"]
[Result "0-1"]
[White "Marie Sebag"]
[Black "Antoaneta Stefanova"]
[WhiteElo "2521"]
[BlackElo "2491"]
[PlyCount "90"]

1. e4 e5 2. Nf3 Nc6 3. Bb5 a6 4. Ba4 Nf6 5. O-O b5 6. Bb3 Bb7
7. d3 Be7 8. a4 O-O 9. Re1 d6 10. Nbd2 Na5 11. Ba2 c5 12. Nf1
b4 13. c3 bxc3 14. bxc3 Rb8 15. Ng3 Bc8 16. d4 Qc7 17. h3 Re8
18. Nh4 g6 19. Bg5 c4 20. Qf3 Ng4 21. Bxe7 Qxe7 22. Nxg6 hxg6
23. hxg4 Qh4 24. dxe5 dxe5 25. Qe3 Bxg4 26. Qc5 Nb3 27. Qxc4
Be6 28. Qc7 Rbc8 29. Qb7 Rb8 30. Qa7 Ra8 31. Qe3 Nxa1 32. Rxa1
Bxa2 33. Rxa2 Red8 34. Ra1 Rd7 35. Qc5 Qf4 36. Nf1 Qxe4
37. Ne3 Rb8 38. c4 Rdb7 39. Rf1 Rb1 40. f3 Rxf1+ 41. Kxf1 Rb1+
42. Kf2 Rb2+ 43. Kg3 Qf4+ 44. Kh3 Rb1 45. g3 Qxf3 0-1

[Event "FIDE Knock-out Women's World Championship"]
[Site "Khanty-Mansiysk RUS"]
[Date "2012.11.27"]
[EventDate "2012.11.11"]
[Round "6.1"]
[Result "1/2-1/2"]
[White "Anna Ushenina"]
[Black "Antoaneta Stefanova"]
[WhiteElo "2452"]
[BlackElo "2491"]
[PlyCount "71"]

1. d4 Nf6 2. c4 e6 3. Nf3 Bb4+ 4. Bd2 Bxd2+ 5. Qxd2 d5 6. e3
O-O 7. Nc3 Qe7 8. Rc1 Rd8 9. cxd5 exd5 10. Bd3 Nbd7 11. O-O c6
12. Qc2 Re8 13. Rb1 a5 14. a3 Ne4 15. b4 axb4 16. axb4 Ndf6
17. b5 Ra3 18. Rb3 Rxb3 19. Qxb3 Bg4 20. Bxe4 Nxe4 21. Qc2
Bxf3 22. gxf3 Qg5+ 23. Kh1 Nxc3 24. Qxc3 Qh5 25. Kg2 Re6
26. Ra1 h6 27. bxc6 Rxc6 28. Qd3 Rg6+ 29. Kf1 Qxf3 30. Ra8+
Kh7 31. Rb8 f5 32. Rf8 Rg5 33. h4 Rh5 34. Qc2 Qe4 35. Qc8 Qe7
36. Rxf5 1/2-1/2

[Event "FIDE Knock-out Women's World Championship"]
[Site "Khanty-Mansiysk RUS"]
[Date "2012.12.01"]
[EventDate "2012.11.11"]
[Round "6.5"]
[Result "1/2-1/2"]
[White "Antoaneta Stefanova"]
[Black "Anna Ushenina"]
[WhiteElo "2491"]
[BlackElo "2452"]
[PlyCount "178"]

1. d4 d5 2. c4 c6 3. Nc3 Nf6 4. e3 e6 5. Nf3 Nbd7 6. Qc2 Bd6
7. Bd3 O-O 8. O-O dxc4 9. Bxc4 b5 10. Bd3 Bb7 11. a3 Rc8
12. Ng5 h6 13. Nge4 Be7 14. Nxf6+ Nxf6 15. b4 a5 16. Rb1 axb4
17. axb4 Nd5 18. Nxd5 exd5 19. e4 dxe4 20. Bxe4 Bf6 21. Rd1
Re8 22. Be3 Qe7 23. Bf3 Qe6 24. h3 Ra8 25. Rdc1 Red8 26. Qc5
Ra6 27. Re1 Qd6 28. Red1 Bc8 29. d5 Qxc5 30. bxc5 cxd5
31. Bxd5 Bf5 32. Bb7 Bxb1 33. Rxd8+ Bxd8 34. Bxa6 b4 35. Bc4
Be4 36. Bd2 Ba5 37. f3 Bc6 38. Kf2 Kf8 39. Ke3 Ke7 40. Kd4 f6
41. Bb3 Bb5 42. h4 Bf1 43. g3 g5 44. f4 gxh4 45. gxh4 Bb5
46. f5 Bd7 47. Bxh6 Bxf5 48. Bf4 Bg4 49. c6 Bb6+ 50. Kc4 Bf2
51. Kxb4 Bxh4 52. Kb5 Bg5 53. Bb8 Be3 54. Bc4 Bd4 55. Bf4 Bf3
56. c7 Bg4 57. Kc6 Bc8 58. Bd6+ Ke8 59. Bb5 Kf7 60. Kd5 Bb6
61. Bf4 Bb7+ 62. Kd6 Bc8 63. Bd2 Kg6 64. Be8+ Kf5 65. Kc6 Bxc7
66. Kxc7 Be6 67. Kd6 Bc4 68. Kc5 Bb3 69. Kd4 Ba2 70. Bd7+ Be6
71. Bc6 Bb3 72. Be4+ Ke6 73. Bh7 Bd1 74. Ke3 f5 75. Bc3 Bc2
76. Kf4 Kd5 77. Bg8+ Kc5 78. Ke5 Bd3 79. Bd4+ Kc6 80. Bd5+ Kd7
81. Bc5 Be4 82. Be6+ Kc6 83. Kd4 Kb7 84. Bd7 Ka8 85. Bc8 Bb7
86. Bxf5 Bc6 87. Ke5 Bb7 88. Kd6 Bf3 89. Kc7 Bg2 1/2-1/2

[Event "SportAccord World Mind Games (Women's Rapid)"]
[Site "Beijing CHN"]
[Date "2012.12.14"]
[EventDate "2012.12.14"]
[Round "1.4"]
[Result "1/2-1/2"]
[White "Elisabeth Paehtz"]
[Black "Antoaneta Stefanova"]
[WhiteElo "2482"]
[BlackElo "2491"]
[PlyCount "122"]

1. e4 e5 2. Nc3 Nc6 3. g3 Bc5 4. Bg2 a6 5. Nge2 Nge7 6. Nd5
Nxd5 7. exd5 Nd4 8. Nxd4 Bxd4 9. O-O O-O 10. c3 Ba7 11. d3 d6
12. Be3 Bxe3 13. fxe3 Qg5 14. Qd2 Bd7 15. Rf2 f5 16. Raf1 Rf6
17. d4 Re8 18. dxe5 Rxe5 19. Rf4 Rf8 20. Re1 Rfe8 21. Kf2 Qe7
22. h4 h6 23. h5 Qg5 24. Bf3 R8e7 25. Qd4 Be8 26. Rh4 a5
27. Re2 Qf6 28. Rf4 Qg5 29. Rh4 c5 30. dxc6 Bxc6 31. Bxc6 bxc6
32. Qf4 Re4 33. Qxg5 hxg5 34. Rxe4 Rxe4 35. Re1 Kh7 36. Rb1
Ra4 37. a3 Kh6 38. Rh1 d5 39. Ke2 Rg4 40. Kf3 a4 41. Rh2 Re4
42. Rh1 Re8 43. Rh2 Re4 44. Rh1 Re8 45. Rh2 Re7 46. Rh1 Re4
47. Rh2 g4+ 48. Ke2 Kg5 49. Kd3 Rc4 50. Rf2 Re4 51. Rf4 c5
52. Rxe4 fxe4+ 53. Kc2 c4 54. Kd2 Kxh5 55. Ke2 Kg5 56. Kf2 Kf5
57. Ke2 Ke5 58. Kf2 Kf5 59. Ke2 Ke5 60. Kf2 Kf5 61. Ke2 Ke5
1/2-1/2

[Event "SportAccord World Mind Games (Women's Rapid)"]
[Site "Beijing CHN"]
[Date "2012.12.14"]
[EventDate "2012.12.14"]
[Round "2.4"]
[Result "1/2-1/2"]
[White "Antoaneta Stefanova"]
[Black "Pia Cramling"]
[WhiteElo "2491"]
[BlackElo "2516"]
[PlyCount "192"]

1. d4 e6 2. c4 Nf6 3. Nc3 Bb4 4. e3 O-O 5. Bd3 d5 6. Nf3 c5
7. O-O Nc6 8. cxd5 exd5 9. dxc5 Bxc5 10. h3 a6 11. Ne2 Qd6
12. b3 Ne5 13. Nxe5 Qxe5 14. Rb1 Bd6 15. Nf4 Qg5 16. Qf3 Bd7
17. Bb2 Bc6 18. Bd4 Ne4 19. Rfd1 Rfe8 20. Qg4 h6 21. f3 Nc5
22. Bf1 Qxg4 23. hxg4 Ne6 24. Nxe6 fxe6 25. Bb6 Rac8 26. a4
Bd7 27. Bd3 Kf7 28. Kf2 Rc6 29. a5 Bb4 30. Rh1 Rec8 31. f4 Bc5
32. Bxc5 Rxc5 33. b4 Rc3 34. Rhd1 Bb5 35. Bxb5 axb5 36. Rb2
R8c4 37. Ra1 Rc2+ 38. Rxc2 Rxc2+ 39. Kf3 Rc4 40. a6 bxa6
41. Rxa6 Rxb4 42. f5 e5 43. Re6 d4 44. exd4 exd4 45. Rd6 Rc4
46. Ke4 d3+ 47. Ke5 Rxg4 48. Rd7+ Kg8 49. Rxd3 Rxg2 50. Rb3
Kh7 51. Rxb5 Rf2 52. Rb6 Rg2 53. Rb7 Rf2 54. Rb6 Rf1 55. Rg6
Rf3 56. Ke4 Rf1 57. Ke5 Ra1 58. Rb6 h5 59. Rg6 Ra4 60. Rg5 Kh6
61. Rg6+ Kh7 62. Rg5 h4 63. Rh5+ Kg8 64. Ke6 Ra6+ 65. Ke5 Ra4
66. Ke6 Rb4 67. f6 Rb6+ 68. Ke7 Rxf6 69. Rxh4 Rf1 70. Ke6 g6
71. Ke5 Kg7 72. Rf4 Ra1 73. Rb4 Kh6 74. Kf4 Rg1 75. Kf3 Kh5
76. Kf2 Rg4 77. Rb5+ Kh4 78. Rb6 Kh3 79. Rb1 Rg2+ 80. Kf3 Rg3+
81. Kf2 g5 82. Rh1+ Kg4 83. Rb1 Ra3 84. Kg2 Rg3+ 85. Kh2 Rc3
86. Kg2 Rc2+ 87. Kg1 Kh4 88. Rb3 g4 89. Ra3 Rb2 90. Rc3 g3
91. Rc8 Kh3 92. Rh8+ Kg4 93. Rg8+ Kf3 94. Rf8+ Kg4 95. Rg8+
Kf3 96. Rf8+ Kg4 1/2-1/2

[Event "SportAccord World Mind Games (Women's Rapid)"]
[Site "Beijing CHN"]
[Date "2012.12.14"]
[EventDate "2012.12.14"]
[Round "3.4"]
[Result "1/2-1/2"]
[White "Dronavalli Harika"]
[Black "Antoaneta Stefanova"]
[WhiteElo "2512"]
[BlackElo "2491"]
[PlyCount "87"]

1. c4 c6 2. Nf3 d5 3. e3 Nf6 4. Nc3 g6 5. d4 Bg7 6. Be2 O-O
7. O-O Bg4 8. h3 Bxf3 9. Bxf3 e6 10. b3 Nbd7 11. Bb2 Re8
12. Qc2 a5 13. Rad1 Qe7 14. Rfe1 Rad8 15. Qc1 Nb6 16. Ba3 Qc7
17. Na4 Nbd7 18. Nc3 Qb8 19. e4 dxe4 20. Nxe4 Nxe4 21. Bxe4
Nf6 22. Bf3 Rd7 23. Bb2 Red8 24. Bc3 Qc7 25. Qa3 Ra8 26. Qb2
Ne8 27. Rd3 Qf4 28. Red1 Nc7 29. g3 Qg5 30. h4 Qd8 31. h5 Qg5
32. Bd2 Qd8 33. Bc3 Qg5 34. Bd2 Qf5 35. Bf4 gxh5 36. Qe2 Rad8
37. Be4 Qg4 38. Bf3 Qf5 39. Bxh5 Na6 40. Bg4 Qg6 41. Bh5 Qf5
42. Bg4 Qg6 43. Bh5 Qf5 44. Bg4 1/2-1/2

[Event "SportAccord World Mind Games (Women's Rapid)"]
[Site "Beijing CHN"]
[Date "2012.12.14"]
[EventDate "2012.12.14"]
[Round "4.4"]
[Result "1-0"]
[White "Antoaneta Stefanova"]
[Black "Viktorija Cmilyte"]
[WhiteElo "2491"]
[BlackElo "2524"]
[PlyCount "83"]

1. d4 Nf6 2. c4 g6 3. g3 Bg7 4. Bg2 c5 5. Nf3 cxd4 6. Nxd4 O-O
7. O-O Nc6 8. Nc3 Nxd4 9. Qxd4 d6 10. Qh4 Qa5 11. Bd2 Be6
12. Rfd1 Qc5 13. b3 Rab8 14. Rac1 a6 15. h3 Rfc8 16. Be3 Qa5
17. Bd2 Qd8 18. a4 Qb6 19. Rb1 Bf5 20. e4 Bd7 21. g4 Qd8
22. f4 b5 23. axb5 axb5 24. e5 bxc4 25. bxc4 Rxb1 26. Rxb1 Ne8
27. Nd5 e6 28. Qxd8 Rxd8 29. Ba5 exd5 30. Bxd8 dxc4 31. exd6
Nxd6 32. Be7 Nb5 33. Bf1 Bd4+ 34. Kh2 Be3 35. Kg3 c3 36. Bd3
Kg7 37. g5 h6 38. Bf6+ Kh7 39. Re1 Bd4 40. Bxb5 Bxf6 41. Bxd7
hxg5 42. f5 1-0

[Event "SportAccord World Mind Games (Women's Rapid)"]
[Site "Beijing CHN"]
[Date "2012.12.15"]
[EventDate "2012.12.6"]
[Round "5.1"]
[Result "1/2-1/2"]
[White "Antoaneta Stefanova"]
[Black "Yifan Hou"]
[WhiteElo "2491"]
[BlackElo "2606"]
[PlyCount "91"]

1. d4 e6 2. Nf3 Nf6 3. e3 b6 4. Bd3 Bb7 5. O-O d5 6. b3 Bd6
7. c4 O-O 8. Bb2 Nbd7 9. Nc3 a6 10. Rc1 Qe7 11. Na4 dxc4
12. bxc4 c5 13. Ne5 Rfd8 14. Qe2 Rab8 15. f4 cxd4 16. exd4 Ba3
17. Nxd7 Rxd7 18. Nxb6 Bxb2 19. Qxb2 Bc6 20. c5 Qd8 21. Rfd1
Nd5 22. Be4 Ne7 23. Bxc6 Nxc6 24. Rc4 Qc7 25. Qf2 Rdd8 26. f5
Qe7 27. fxe6 fxe6 28. Rcc1 h6 29. Qe3 Qf6 30. d5 exd5 31. Nxd5
Qf7 32. Nc3 Re8 33. Qf2 Qxf2+ 34. Kxf2 Rb2+ 35. Kg1 Re5
36. Rd5 Rxd5 37. Nxd5 Rxa2 38. Rb1 Rc2 39. Rb6 Rxc5 40. Rxc6
Rxd5 41. Rxa6 Rd2 42. h3 Kh7 43. Kh2 Kg8 44. Kg1 Kh7 45. Kh2
Kg8 46. Kg1 1/2-1/2

[Event "SportAccord World Mind Games (Women's Rapid)"]
[Site "Beijing CHN"]
[Date "2012.12.15"]
[EventDate "2012.12.6"]
[Round "6.2"]
[Result "0-1"]
[White "Koneru Humpy"]
[Black "Antoaneta Stefanova"]
[WhiteElo "2610"]
[BlackElo "2491"]
[PlyCount "132"]

1. d4 d5 2. c4 c6 3. Nf3 Nf6 4. e3 Bg4 5. cxd5 cxd5 6. Nc3 Nc6
7. Qb3 Bc8 8. Ne5 e6 9. Bb5 Qc7 10. Bd2 Bd6 11. f4 O-O 12. Rc1
a6 13. Bd3 Na5 14. Qd1 Qd8 15. O-O b5 16. b3 Bb7 17. Be1 Ne4
18. Nxe4 dxe4 19. Be2 f6 20. Ng4 Bd5 21. Bd2 Nc6 22. Qe1 Qe7
23. Qh4 Nb4 24. Bxb4 Bxb4 25. Rc2 Ba3 26. f5 exf5 27. Rxf5 Be6
28. Rf1 f5 29. Qxe7 Bxe7 30. Ne5 Bg5 31. Kf2 f4 32. exf4 Bxf4
33. Ke1 Bxh2 34. Rxf8+ Kxf8 35. Bg4 Bxg4 36. Nxg4 Bg1 37. Nf2
Rd8 38. Nxe4 Bxd4 39. Ke2 Ke7 40. Rc6 a5 41. Ra6 a4 42. bxa4
bxa4 43. Rxa4 h6 44. Ra6 Rb8 45. Nd6 Rb2+ 46. Kf3 Rf2+ 47. Kg3
Rf1 48. Kg4 g6 49. Ne4 Kf7 50. Nd2 Rf2 51. Nf3 Bf6 52. Kg3 Re2
53. a4 g5 54. a5 h5 55. Ra7+ Kg6 56. Kh2 g4 57. Ng1 Be5+
58. Kh1 Re1 59. Re7 Kf6 60. Re8 Ra1 61. Rd8 Bc7 62. Rd5 h4
63. Rh5 Bg3 64. a6 Bf2 65. a7 Rxg1+ 66. Kh2 Ra1 0-1

[Event "SportAccord World Mind Games (Women's Rapid)"]
[Site "Beijing CHN"]
[Date "2012.12.15"]
[EventDate "2012.12.6"]
[Round "7.2"]
[Result "0-1"]
[White "Antoaneta Stefanova"]
[Black "Kateryna Lahno"]
[WhiteElo "2491"]
[BlackElo "2553"]
[PlyCount "102"]

1. d4 Nf6 2. Nf3 g6 3. g3 Bg7 4. Bg2 c5 5. c4 cxd4 6. Nxd4 O-O
7. Nc3 Qc7 8. Nd5 Nxd5 9. cxd5 Qa5+ 10. Bd2 Qb6 11. Bc3 d6
12. O-O Nd7 13. Rc1 Qa6 14. a4 Nc5 15. a5 Bd7 16. b4 Na4
17. Ba1 Rac8 18. Qd2 b6 19. Nc6 Bxc6 20. Bxg7 Kxg7 21. dxc6
bxa5 22. Ra1 Qb5 23. Qc2 Nb6 24. Rxa5 Qxb4 25. Rxa7 Nc4
26. Ra4 Na3 27. Qd1 Qc3 28. Qd5 Rc7 29. Rd1 Rb8 30. h4 Nc2
31. Rc4 Qb3 32. Rc1 Na3 33. Qd4+ Kg8 34. R4c3 Qb2 35. Qa4 Nb5
36. R3c2 Qd4 37. Rc4 Qb2 38. R4c2 Qd4 39. Qa5 Ra7 40. Qe1 Nc7
41. Rc4 Qb2 42. h5 d5 43. R4c2 Qe5 44. hxg6 hxg6 45. Qd2 e6
46. Bf3 Ra1 47. Kg2 Rbb1 48. Rxb1 Rxb1 49. Qh6 Qa1 50. Kh2 Rf1
51. Qe3 Qh8+ 0-1

[Event "SportAccord World Mind Games (Women's Blitz)"]
[Site "Beijing CHN"]
[Date "2012.12.16"]
[EventDate "2012.12.16"]
[Round "2.4"]
[Result "0-1"]
[White "Elina Danielian"]
[Black "Antoaneta Stefanova"]
[WhiteElo "2476"]
[BlackElo "2491"]
[PlyCount "71"]

1. d4 d5 2. Nf3 Nf6 3. c4 c6 4. e3 Bf5 5. Nc3 e6 6. Nh4 Be4
7. f3 Bg6 8. Qb3 Qc7 9. g3 Be7 10. Bd2 a6 11. Rc1 dxc4
12. Bxc4 Nbd7 13. e4 Qb6 14. Nxg6 hxg6 15. Be3 Qxb3 16. Bxb3
Rc8 17. Kf2 O-O 18. Na4 b5 19. Nc5 Bxc5 20. dxc5 Ne5 21. Rhd1
Rfd8 22. Ke2 Kf8 23. h3 Ke7 24. f4 Rxd1 25. Rxd1 Ned7 26. Kf3
a5 27. Bc2 Ne8 28. g4 Nc7 29. Bd4 f6 30. g5 Na6 31. gxf6+ gxf6
32. Rg1 Kf7 33. Rc1 Ndxc5 34. Bd1 Nd3 35. Rc2 Ndb4 36. Rc1 0-1

[Event "SportAccord World Mind Games (Women's Blitz)"]
[Site "Beijing CHN"]
[Date "2012.12.16"]
[EventDate "2012.12.16"]
[Round "3.5"]
[Result "0-1"]
[White "Antoaneta Stefanova"]
[Black "Viktorija Cmilyte"]
[WhiteElo "2491"]
[BlackElo "2524"]
[PlyCount "112"]

1. d4 Nf6 2. Nf3 g6 3. g3 Bg7 4. Bg2 c5 5. c4 O-O 6. O-O cxd4
7. Nxd4 d5 8. cxd5 Nxd5 9. Nb3 e6 10. N1d2 Nc6 11. a3 Qe7
12. e4 Nb6 13. Qe2 e5 14. a4 a5 15. Qb5 Qb4 16. Nf3 Be6
17. Nc5 Bc4 18. Qxb4 Nxb4 19. Rd1 Nc2 20. b3 Nxa1 21. bxc4 Nc2
22. Bf1 Rfd8 23. Rxd8+ Rxd8 24. Bd2 Rc8 25. Nxb7 Nxc4 26. Nxa5
Nxa5 27. Bxa5 Ra8 28. Bc7 Rxa4 29. Bxe5 Bxe5 30. Nxe5 Rxe4
31. Nf3 Rb4 32. Nd2 Kg7 33. h4 Nd4 34. Kg2 Rb2 35. Ne4 Nc2
36. Ba6 Ne1+ 37. Kf1 Nf3 38. Kg2 Ne5 39. Bc8 f5 40. Ng5 Ng4
41. Nh3 Kf6 42. Ba6 Ke5 43. Bc8 Rb6 44. Bd7 Rd6 45. Ba4 Rd2
46. Bb3 h6 47. Bf7 Kf6 48. Bb3 g5 49. hxg5+ hxg5 50. Ba4 Ne5
51. Kf1 Nd3 52. Bb5 g4 53. Bxd3 gxh3 54. Ba6 Rd1+ 55. Ke2 Ra1
56. Bb7 h2 0-1

[Event "SportAccord World Mind Games (Women's Blitz)"]
[Site "Beijing CHN"]
[Date "2012.12.16"]
[EventDate "2012.12.16"]
[Round "4.5"]
[Result "1-0"]
[White "Anna Muzychuk"]
[Black "Antoaneta Stefanova"]
[WhiteElo "2586"]
[BlackElo "2491"]
[PlyCount "103"]

1. f4 d5 2. Nf3 c5 3. g3 Nc6 4. Bg2 Nf6 5. O-O g6 6. d3 Bg7
7. Qe1 d4 8. a4 O-O 9. Na3 Be6 10. Bd2 Qd7 11. Ng5 Bd5 12. Bh3
Qd8 13. c4 dxc3 14. bxc3 h6 15. Nf3 Ne8 16. Rb1 Na5 17. c4
Bxf3 18. Rxf3 b6 19. Bg2 Rc8 20. Nb5 Nc6 21. Rf1 a6 22. Nc3 a5
23. f5 g5 24. Nd5 Nb4 25. h4 e6 26. Nc3 Bd4+ 27. e3 Nxd3
28. Qe2 Bg7 29. hxg5 hxg5 30. fxe6 fxe6 31. Be4 Qd6 32. Rxf8+
Bxf8 33. Bxd3 Qxg3+ 34. Kf1 Rd8 35. Be4 Bg7 36. Bg2 Nd6
37. Be1 Qh2 38. Nd1 Rf8+ 39. Bf2 Be5 40. Rxb6 Nf5 41. Qg4 Qh6
42. Ke2 Qg6 43. Be4 Bc7 44. Rc6 Bd8 45. Bxf5 Rxf5 46. Nc3 Rf6
47. Ne4 Rf4 48. Qxe6+ Qxe6 49. Rxe6 Kf7 50. exf4 Kxe6 51. fxg5
Kf5 52. Kd3 1-0

[Event "SportAccord World Mind Games (Women's Blitz)"]
[Site "Beijing CHN"]
[Date "2012.12.16"]
[EventDate "2012.12.16"]
[Round "5.4"]
[Result "0-1"]
[White "Antoaneta Stefanova"]
[Black "Monika (Bobrowska) Socko"]
[WhiteElo "2491"]
[BlackElo "2445"]
[PlyCount "104"]

1. d4 e6 2. Nf3 Nf6 3. e3 c5 4. Bd3 b6 5. O-O Bb7 6. c4 Be7
7. Nc3 O-O 8. d5 exd5 9. cxd5 d6 10. e4 Nbd7 11. h3 a6 12. a4
Re8 13. Bf4 Bf8 14. Re1 Ne5 15. Nxe5 dxe5 16. Bg5 Qd6 17. Qf3
Nd7 18. Nd1 f6 19. Bd2 g6 20. Ne3 Bg7 21. Bc3 Rf8 22. Qe2 Kh8
23. Rab1 Rf7 24. b4 Bf8 25. Nc4 Qc7 26. b5 a5 27. Rf1 Bd6
28. g3 Raf8 29. f4 exf4 30. Nxd6 Qxd6 31. gxf4 Kg8 32. Bc4 Re8
33. Qg2 Rfe7 34. Rbe1 Kf8 35. e5 Qb8 36. Qg3 Qa8 37. d6 Re6
38. Bxe6 Rxe6 39. exf6 Qe8 40. Qg4 Re3 41. f7 Qe4 42. Kh2 Qc2+
43. Kg1 Qxc3 44. Rxe3 Qxe3+ 45. Rf2 Qe1+ 46. Rf1 Qe3+ 47. Rf2
Nf6 48. Qg5 Qxf2+ 49. Kxf2 Ne4+ 50. Ke3 Nxg5 51. fxg5 Kxf7
52. Kf4 Ke6 0-1

[Event "SportAccord World Mind Games (Women's Blitz)"]
[Site "Beijing CHN"]
[Date "2012.12.16"]
[EventDate "2012.12.16"]
[Round "6.6"]
[Result "1-0"]
[White "Koneru Humpy"]
[Black "Antoaneta Stefanova"]
[WhiteElo "2610"]
[BlackElo "2491"]
[PlyCount "119"]

1. d4 d5 2. c4 c6 3. e3 Nf6 4. Nf3 Bf5 5. Nc3 e6 6. Nh4 Be4
7. f3 Bg6 8. Qb3 Qc7 9. Nxg6 hxg6 10. cxd5 cxd5 11. Bd2 Nc6
12. O-O-O a6 13. Kb1 Bd6 14. g4 O-O 15. h4 Na5 16. Qc2 Nc4
17. Bxc4 Qxc4 18. h5 g5 19. e4 dxe4 20. fxe4 Nxg4 21. Bxg5 b5
22. e5 Bb4 23. Rdg1 Qxd4 24. Ne4 Rfc8 25. Rxg4 Rxc2 26. Nf6+
gxf6 27. Rxd4 Rc4 28. Rxc4 bxc4 29. Bxf6 Kh7 30. Rh4 Rg8
31. Rxc4 Rg1+ 32. Kc2 a5 33. a3 Bf8 34. Rc7 Kg8 35. Rc8 Rh1
36. Be7 Rxh5 37. Rxf8+ Kg7 38. Bd6 a4 39. Ra8 Rh2+ 40. Kc3
Rh3+ 41. Kb4 Rb3+ 42. Kxa4 Rxb2 43. Ra7 Kg6 44. Be7 f5
45. exf6 e5 46. Ra5 e4 47. Re5 Re2 48. Kb3 e3 49. a4 Re1
50. Bb4 Rb1+ 51. Ka3 Ra1+ 52. Kb3 Rb1+ 53. Kc3 Rc1+ 54. Kb2
Rc4 55. Kb3 Rc6 56. Be7 Rb6+ 57. Ka3 Rc6 58. Rxe3 Kf7 59. a5
Ra6 60. Ka4 1-0

[Event "SportAccord World Mind Games (Women's Blitz)"]
[Site "Beijing CHN"]
[Date "2012.12.16"]
[EventDate "2012.12.16"]
[Round "7.3"]
[Result "1/2-1/2"]
[White "Antoaneta Stefanova"]
[Black "Elisabeth Paehtz"]
[WhiteElo "2491"]
[BlackElo "2482"]
[PlyCount "97"]

1. d4 g6 2. Nf3 Bg7 3. g3 d6 4. Bg2 Nf6 5. O-O O-O 6. a4 c6
7. a5 Na6 8. Re1 d5 9. Bf4 Nc7 10. Qc1 Re8 11. Bh6 Bh8 12. h3
Ne6 13. c3 Ng7 14. g4 Ne6 15. Nbd2 Qc7 16. Ne5 Nd7 17. Nxd7
Bxd7 18. e4 Nf4 19. Bf1 e5 20. Nf3 dxe4 21. Rxe4 f5 22. Rxe5
Bxe5 23. Nxe5 Nd5 24. c4 Nf6 25. Qg5 Ne4 26. Qf4 Qd6 27. Rd1
c5 28. f3 Nf6 29. Nxg6 Qxf4 30. Nxf4 cxd4 31. Rxd4 Bc6
32. gxf5 Rad8 33. Ne6 Rxd4 34. Nxd4 Re1 35. Kf2 Rb1 36. b3 Kf7
37. Bd3 Rb2+ 38. Ke3 Bd7 39. h4 Ra2 40. b4 a6 41. Bf4 Ra3
42. Bd6 Ne8 43. Bc5 Ng7 44. Kd2 Ra2+ 45. Kc3 Ra3+ 46. Kd2 Ra2+
47. Kc3 Ra3+ 48. Kd2 Ra2+ 49. Kc3 1/2-1/2

[Event "SportAccord World Mind Games (Women's Blitz)"]
[Site "Beijing CHN"]
[Date "2012.12.16"]
[EventDate "2012.12.16"]
[Round "8.7"]
[Result "0-1"]
[White "Dronavalli Harika"]
[Black "Antoaneta Stefanova"]
[WhiteElo "2512"]
[BlackElo "2491"]
[PlyCount "94"]

1. d4 d5 2. c4 c6 3. Nf3 Nf6 4. Nc3 a6 5. g3 dxc4 6. Bg2 e6
7. O-O b5 8. Ne5 Bb7 9. a4 Be7 10. e4 O-O 11. Be3 Nbd7 12. f4
Qc7 13. Qe2 b4 14. Nd1 c5 15. Nf2 cxd4 16. Bxd4 Rac8 17. Rac1
Nxe5 18. Bxe5 Qa5 19. Rxc4 Qxa4 20. Rxc8 Rxc8 21. Bxf6 Bxf6
22. e5 Bxg2 23. Kxg2 Be7 24. Rd1 h6 25. Ne4 Qc6 26. Kh3 a5
27. Nd6 Rf8 28. f5 exf5 29. Nxf5 Bg5 30. Qg4 Qb5 31. Re1 a4
32. Re2 a3 33. Nd4 Qd5 34. bxa3 bxa3 35. e6 a2 36. Re1 Bf6
37. Nf5 Kh7 38. e7 Re8 39. Rf1 a1=Q 40. Rxa1 Bxa1 41. Qf4 Qe6
42. g4 Bf6 43. Qd2 Bxe7 44. Qd3 g6 45. Ng3 h5 46. Nxh5 Bg5
47. Ng3 Bf4 0-1